00981nam a22002417a 45000010005000000030006000050050017000110080041000280400029000690500015000980820008001131000031001212450076001522600051002283000045002795050007003245200280003315210018006115210018006296500030006476500029006777000033007069522FISKH20260119093510.0260119b cb ||||| |||| 00| 0 eng d aFISKHbengcFISKHdFISKH aPZ7.C458 B a813 aChristopher, Matt eAuthor aBaseball flyhawk /cBy Matt Christopher ; illustrated by Witold T. Mard aChicago :bScience Research Associates ,c1995 a24 pages :bcolor illustrations ;c21 cm aL  aJuvenile Fiction. Juvenile Literature. Chico Romez is new to the Royals baseball team, but all the players welcome him and his ability in the outfield. All but one, that its. String Becker seems to have it in for Chico. What will it take for Chico to prove himself to String?8 a510 bLexile 8 aL bRaz-Plus  aRealistic fictionvSports aBook adventurevBaseball aMard, Witold T.eIllustrator